Missing Word: 'I' Names Quiz Stats

 Plays Quiz Updated Jun 20, 2018

Challenge
Share
Tweet
Embed
Score 0/24 Timer 03:00
1 Play Today
Full Name Missing Name % Correct
_____ the TerribleIvan
95.5%
_____ FlemingIan
93.1%
_____ CubeIce
91.7%
_____ NewtonIsaac
86.6%
Billy _____Idol
81%
Steve _____Irwin
80.6%
_____ TrumpIvana
76.5%
Jeremy _____Irons
68.8%
Enrique _____Iglesias
68.2%
Washington _____Irving
64.7%
_____ RosselliniIsabella
62.8%
Burl _____Ives
59.6%
Full Name Missing Name % Correct
_____ GandhiIndira
56.9%
_____ JonesIndiana
54%
Kathy _____Ireland
53.9%
Eric _____Idle
52.9%
_____ SikorskyIgor
46.9%
_____ LupinoIda
43.8%
_____ MontoyaInigo
38.7%
Lee _____Iacocca
36.5%
Eddie _____Izzard
29.2%
_____ CocaImogene
29.1%
Rhys _____Ifans
22.5%
John _____Inman
10.9%

Today's Daily Dose

You're not logged in!

Compare scores with friends on all Sporcle quizzes.
Join for Free
OR
Log In

You Might Also Like...

Show Comments

Extras

Top Quizzes Today


Score Distribution

Your Account Isn't Verified!

In order to create a playlist on Sporcle, you need to verify the email address you used during registration. Go to your Sporcle Settings to finish the process.

Report this User

Report this user for behavior that violates our Community Guidelines.

Details: